Výrobná logistika

Guardado en:
Detalles Bibliográficos
Autores principales: Rybanský, Rudolf, 1947- (Autor), Makyšová, Helena, 1976- (Autor), Božek, Pavol, 1954- (Autor)
Formato: Libro
Lenguaje:eslovaco
Publicado: Bratislava : STU v Bratislave, 2006
Materias:
Acceso en línea:WWW
Etiquetas: Agregar Etiqueta
Sin Etiquetas, Sea el primero en etiquetar este registro!

MARC

LEADER 00000nam a22000003a 4500
001 stu127962
005 20221212122414.1
008 061017s2006----xo------------------slo-d
020 |a 80-227-2463-7 
040 |a STU  |b slo 
041 0 |a slo 
044 |a xo 
080 |a 658.7 
100 1 |a Rybanský, Rudolf,  |d 1947-  |4 aut  |u M4000  |9 40  |U MTF Materiálovotechnologická fakulta  |T MTF Ústav priemyselného inžinierstva a manažmentu  |X 1543  |U M4000  |Y 84  |7 A000001543 
245 1 |a Výrobná logistika 
260 |a Bratislava :  |b STU v Bratislave,  |c 2006 
300 |a 183 s 
500 |a e-skriptá 
650 7 |a logistika výrobná  |2 stusub 
700 1 |a Makyšová, Helena,  |d 1976-  |4 aut  |u M4000  |9 30  |U MTF Materiálovotechnologická fakulta  |T MTF Ústav priemyselného inžinierstva a manažmentu  |X 2772  |U M4000  |Y 84  |7 A000002772 
700 1 |a Božek, Pavol,  |d 1954-  |4 aut  |u M6000  |9 30  |U MTF Materiálovotechnologická fakulta  |T MTF Ústav aplikovanej informatiky, automatizácie a matematiky  |X 320  |U M6000  |Y 86  |7 A000000320 
856 4 |a https://sweb.mtf.stuba.sk  |u https://sweb.mtf.stuba.sk  |3 WWW 
996 |b 284M074509  |c M* S-1686-1  |l MMKN  |s A  |a 24  |w stu127962_0002 
996 |c M* DigP-83  |l M  |s P  |a 0  |w stu127962_0003